[Event "SR 3. liga A2 2005/2006"]
[Site "?"]
[Date "2006.??.??"]
[Round "?"]
[White "Szekely, Stefan"]
[Black "Puobis, Jozef"]
[Result "0-1"]
[WhiteElo "2080"]
[BlackElo "2040"]
[Annotator " 36.3"]
[PlyCount "88"]
[EventDate "2005.??.??"]

1. c4 e6 2. Nc3 d5 3. cxd5 exd5 4. d4 c6 5. Nf3 Qb6 6. g3 Bd6 7. Bg2 Nf6 8. O-O
O-O 9. Nh4 Re8 10. Re1 Ne4 11. Nxe4 dxe4 12. Rb1 Be7 13. Bh1 Bxh4 14. gxh4 Qa5
15. Bf4 Qxa2 16. b3 Qa5 17. e3 Qf5 18. f3 exf3 19. Bxf3 Nd7 20. Rb2 Nf8 21. Rg2
Ng6 22. Bg3 Qh3 23. h5 Nh4 24. Bxh4 Qxh4 25. Kh1 Bf5 26. Reg1 g6 27. hxg6 hxg6
28. d5 Rad8 29. d6 Rxe3 30. Qf1 Rxd6 31. Bxc6 Be4 32. Bxe4 Qxe4 33. Qc1 Kg7 34.
Qa1+ Qd4 35. Qa5 Rde6 36. Qc7 Qe4 37. Qc1 Re1 38. Qb2+ f6 39. h3 Rxg1+ 40. Kxg1
Qe1+ 41. Kh2 Qe5+ 42. Kg1 Qe3+ 43. Kh2 Qf4+ 44. Rg3 Re3 0-1

[Event "SR 3. liga A2 2005/2006"]
[Site "?"]
[Date "2006.??.??"]
[Round "?"]
[White "Kosar, Mikulas ml"]
[Black "Both, Lajos"]
[Result "1-0"]
[WhiteElo "1965"]
[BlackElo "1990"]
[Annotator " 36.4"]
[PlyCount "117"]
[EventDate "2005.??.??"]

1. e4 e6 2. Nf3 d5 3. Nc3 d4 4. Ne2 c5 5. c3 dxc3 6. Nxc3 Nc6 7. Bb5 Bd7 8. O-O
a6 9. Bxc6 Bxc6 10. d4 cxd4 11. Nxd4 Qb6 12. Nxc6 Qxc6 13. Qb3 Nf6 14. e5 Nd7
15. Bf4 b5 16. Rac1 Qb6 17. Ne4 Nc5 18. Qf3 Nxe4 19. Qxe4 Rb8 20. Rc6 Qb7 21.
Rfc1 Qa8 22. Be3 Be7 23. Qg4 g6 24. Rc7 h5 25. Rxe7+ Kxe7 26. Qg5+ Kf8 27. Rc7
Rh7 28. Qf6 Qd5 29. h4 Qd8 30. Qxd8+ Rxd8 31. Ra7 Ke8 32. Bg5 Rc8 33. Rxa6 Kd7
34. Rd6+ Kc7 35. Bf6 Rb8 36. b4 Rc8 37. a3 Kb7 38. Rd3 Rc1+ 39. Kh2 Rc4 40. g3
Rc2 41. Kg2 Rc4 42. f4 Rh6 43. Kf3 g5 44. fxg5 Rg6 45. Rd7+ Rc7 46. Rxc7+ Kxc7
47. g4 hxg4+ 48. Kxg4 Kc6 49. h5 Rg8 50. h6 Kd5 51. h7 Rc8 52. h8=Q Rxh8 53.
Bxh8 Kc4 54. Kh5 Kb3 55. Bf6 Kxa3 56. Be7 Kb3 57. Kh6 Kc4 58. Kg7 Kd5 59. Bd6
1-0

[Event "SR 3. liga A2 2005/2006"]
[Site "?"]
[Date "2006.??.??"]
[Round "?"]
[White "Szitasi, Janos"]
[Black "Kubica, Adrian"]
[Result "1/2-1/2"]
[WhiteElo "2020"]
[BlackElo "1945"]
[Annotator " 36.5"]
[PlyCount "93"]
[EventDate "2005.??.??"]

1. e4 e5 2. Nf3 Nf6 3. d3 d6 4. h3 Nc6 5. Be2 Be7 6. Nc3 O-O 7. O-O Be6 8. Ng5
Bd7 9. f4 Nd4 10. Be3 Nxe2+ 11. Qxe2 h6 12. Nf3 Nh5 13. Qd2 exf4 14. Bxf4 Nxf4
15. Qxf4 c6 16. Kh1 Qb6 17. Rab1 Rad8 18. d4 Bc8 19. Rfe1 Kh8 20. a3 Qa5 21.
Ra1 Qh5 22. Qh2 a6 23. Rad1 Rfe8 24. g4 Qg6 25. Re2 c5 26. Nd5 cxd4 27. Nxe7
Rxe7 28. Rxd4 Qf6 29. Qg3 Rde8 30. c3 b5 31. Rxd6 Re6 32. Rxe6 Rxe6 33. e5 Qe7
34. Nd4 Rb6 35. Kh2 Rb7 36. Qf4 Kg8 37. Qe4 Be6 38. Nxe6 fxe6 39. Rd2 Rb8 40.
Rd6 Rd8 41. Qc6 Kh8 42. Qxa6 Rf8 43. Qb6 Qh4 44. Rd2 Qe1 45. Rd8 Qe2+ 46. Kg3
Qf3+ 47. Kh4 1/2-1/2

[Event "SR 3. liga A2 2005/2006"]
[Site "?"]
[Date "2006.??.??"]
[Round "?"]
[White "Bott, Tamas"]
[Black "Liska, Frantisek"]
[Result "0-1"]
[WhiteElo "1930"]
[BlackElo "2000"]
[Annotator " 36.6"]
[PlyCount "66"]
[EventDate "2005.??.??"]

1. e4 c6 2. d4 d5 3. e5 Bf5 4. c4 e6 5. c5 Nd7 6. Nf3 Be7 7. Bd3 Bg4 8. O-O Qc7
9. Re1 Bh5 10. b4 Bg6 11. Nc3 a6 12. a4 b6 13. Qe2 a5 14. cxb6 Nxb6 15. b5 Bxd3
16. Qxd3 Bb4 17. Ba3 c5 18. Rec1 c4 19. Qd1 Ne7 20. Bxb4 axb4 21. Ne2 Ra5 22.
Qd2 c3 23. Nxc3 bxc3 24. Rxc3 Nc4 25. Qd1 Qb6 26. Qe2 Nf5 27. Nd2 O-O 28. Nxc4
dxc4 29. Rxc4 Nxd4 30. Qd1 Nf5 31. Rc6 Qb8 32. f4 Rd8 33. Qc2 Nd4 0-1

[Event "SR 3. liga A2 2005/2006"]
[Site "?"]
[Date "2006.??.??"]
[Round "?"]
[White "Bernath, Mikulas"]
[Black "Kosar, Mikulas"]
[Result "1-0"]
[WhiteElo "1905"]
[BlackElo "2010"]
[Annotator " 36.7"]
[PlyCount "101"]
[EventDate "2005.??.??"]

1. d4 d5 2. e3 Nf6 3. c4 e6 4. Nc3 Bb4 5. a3 Bxc3+ 6. bxc3 c6 7. cxd5 exd5 8.
Bd3 Bg4 9. f3 Bh5 10. Ne2 O-O 11. O-O Nbd7 12. Ng3 Qc7 13. Nxh5 Nxh5 14. e4
dxe4 15. fxe4 g6 16. Qf3 b5 17. a4 Qb6 18. Kh1 f6 19. axb5 cxb5 20. Ba3 Rfe8
21. Rab1 a6 22. Bc2 Ng7 23. Bb3+ Ne6 24. Qg4 Kg7 25. Qh3 Ndf8 26. Bc1 Ng5 27.
Bxg5 fxg5 28. Qf3 Ra7 29. e5 Qd8 30. Qe3 Ne6 31. d5 Rae7 32. dxe6 g4 33. Qf4
Qc7 34. Rbc1 a5 35. Rfe1 h5 36. Qf6+ Kh7 37. Bc2 Rg7 38. Qg5 Rxe6 39. Qxh5+ Kg8
40. Qxg4 Rxe5 41. Bb3+ Kf8 42. Qf4+ Rf5 43. Qe4 Re7 44. Qa8+ Kg7 45. Qg8+ Kf6
46. Qf8+ Rf7 47. Bxf7 Qxf7 48. Qh8+ Kg5 49. h4+ Kg4 50. Qd4+ Kh5 51. g4+ 1-0

[Event "SR 3. liga A2 2005/2006"]
[Site "?"]
[Date "2006.??.??"]
[Round "?"]
[White "Stepanovic, Branislav"]
[Black "Cvicela, Anton"]
[Result "0-1"]
[WhiteElo "2025"]
[BlackElo "2185"]
[Annotator " 37.1"]
[PlyCount "142"]
[EventDate "2005.??.??"]

1. e4 c5 2. Nf3 Nc6 3. d4 cxd4 4. Nxd4 g6 5. Nc3 Bg7 6. Be3 Nf6 7. Bc4 O-O 8.
Bb3 a5 9. f3 d5 10. exd5 Nb4 11. Ndb5 a4 12. Bc4 Bf5 13. Rc1 Rc8 14. b3 Qa5 15.
O-O Rfd8 16. Qe2 Nfxd5 17. Nxd5 Nxd5 18. Bxd5 Rxd5 19. c4 Rd3 20. g4 axb3 21.
gxf5 Rxe3 22. Qxe3 bxa2 23. Nd4 Qc5 24. Rfd1 Rd8 25. Nc2 Rxd1+ 26. Rxd1 Qxe3+
27. Nxe3 a1=Q 28. Rxa1 Bxa1 29. fxg6 hxg6 30. Nc2 Be5 31. h3 Kg7 32. Kf2 Kf6
33. Ke3 Kg5 34. Ke4 Bc7 35. Ne3 e6 36. Ng2 f5+ 37. Kd4 Bd6 38. c5 Bc7 39. Kc4
Kf6 40. Kb5 Ke7 41. Kc4 Kd7 42. Kb5 Bd8 43. Nf4 g5 44. Nd3 Kc7 45. Nb4 Bf6 46.
Kc4 Bg7 47. Nd3 Bf8 48. Ne5 Bg7 49. Nd3 Kc6 50. Nb4+ Kd7 51. Nd3 Bf6 52. Nb4
Bd8 53. Nd3 Bc7 54. Kb5 e5 55. Nb4 Ke6 56. Kc4 Bd8 57. Nd5 Ba5 58. Ne3 Bd2 59.
Nd5 e4 60. fxe4 fxe4 61. Kd4 e3 62. Nxe3 Bxe3+ 63. Kxe3 Kd5 64. Kf3 Kxc5 65.
Kg4 b5 66. Kxg5 b4 67. h4 b3 68. h5 b2 69. Kg6 b1=Q+ 70. Kg7 Qf5 71. h6 Qg5+
0-1

[Event "SR 3. liga A2 2005/2006"]
[Site "?"]
[Date "2006.??.??"]
[Round "?"]
[White "Gajarsky, Roman"]
[Black "Gono, Pavol"]
[Result "0-1"]
[WhiteElo "2050"]
[BlackElo "1995"]
[Annotator " 37.2"]
[PlyCount "110"]
[EventDate "2005.??.??"]

1. e4 c6 2. d4 d5 3. Nd2 dxe4 4. Nxe4 Nd7 5. Nf3 Ngf6 6. Ng3 e6 7. c3 Qc7 8.
Be3 Be7 9. Bd3 c5 10. dxc5 Nxc5 11. O-O Nxd3 12. Qxd3 O-O 13. Rfd1 b6 14. h3
Bb7 15. Bg5 Rad8 16. Qe2 Rd5 17. Rxd5 Bxd5 18. Bxf6 Bxf6 19. Nh5 Be7 20. Qe5
Qxe5 21. Nxe5 Rd8 22. Nf4 Bb7 23. Nc4 Ba6 24. Ne3 g5 25. Nh5 f5 26. Nc2 Rd2 27.
Nd4 Kf7 28. b4 Bb7 29. Re1 Bd5 30. a3 Ra2 31. Nb5 a6 32. Nc7 Bc4 33. Na8 Rxa3
34. Nxb6 Rxc3 35. Nxc4 Rxc4 36. Ra1 Rc6 37. Rb1 Rb6 38. Ng3 Rxb4 39. Rxb4 Bxb4
40. Ne2 e5 41. Nc1 Ke6 42. Kf1 Kd5 43. Ke2 e4 44. Kd1 a5 45. Kc2 a4 46. Ne2 Be1
47. f3 e3 48. Nc1 Kc4 49. Nd3 Bc3 50. Nc1 f4 51. Ne2 Bd2 52. h4 h6 53. hxg5
hxg5 54. g3 fxg3 55. Nxg3 a3 0-1

[Event "SR 3. liga A2 2005/2006"]
[Site "?"]
[Date "2006.??.??"]
[Round "?"]
[White "Curidlo, Jan"]
[Black "Slamena, Michal"]
[Result "1-0"]
[WhiteElo "2070"]
[BlackElo "2060"]
[Annotator " 37.3"]
[PlyCount "77"]
[EventDate "2005.??.??"]

1. e4 e5 2. Nf3 Nc6 3. Bb5 a6 4. Ba4 Nf6 5. O-O Be7 6. d3 b5 7. Bb3 d6 8. c3
Na5 9. Bc2 c5 10. b3 O-O 11. h3 Ne8 12. Nh2 f5 13. f4 Nc6 14. Be3 a5 15. d4
fxe4 16. dxe5 d5 17. Qe2 Ba6 18. Rd1 Nc7 19. Bxe4 Qd7 20. Bf3 b4 21. c4 d4 22.
Bc1 Rad8 23. Bg4 Ne6 24. f5 d3 25. Qf2 Bh4 26. Qxh4 Qd4+ 27. Kh1 Qxa1 28. fxe6
Rde8 29. Nd2 Nxe5 30. e7 Rf4 31. Be6+ Rf7 32. Ne4 d2 33. Nxd2 Bc8 34. Bxf7+
Nxf7 35. Ne4 h6 36. Ng4 g5 37. Nxh6+ Nxh6 38. Qxg5+ Kf7 39. Nd6+ 1-0

[Event "SR 3. liga A2 2005/2006"]
[Site "?"]
[Date "2006.??.??"]
[Round "?"]
[White "Peska, Juraj"]
[Black "Slaby, Jozef"]
[Result "1-0"]
[WhiteElo "2020"]
[BlackElo "1750"]
[Annotator " 37.4"]
[PlyCount "73"]
[EventDate "2005.??.??"]

1. c4 c5 2. Nc3 Nc6 3. g3 g6 4. Bg2 Bg7 5. Nf3 Nf6 6. O-O O-O 7. d3 d6 8. Bf4
a6 9. Qd2 Bd7 10. Bh6 Qc8 11. Bxg7 Kxg7 12. Na4 Qc7 13. Nc3 Qc8 14. a3 Rb8 15.
Rab1 b5 16. cxb5 axb5 17. b4 cxb4 18. axb4 Qc7 19. Qb2 Kg8 20. Ra1 Rfc8 21.
Rfc1 Qb6 22. Ra3 Nd4 23. e3 Nc6 24. Rca1 Qc7 25. d4 d5 26. Ne1 Qd6 27. Nd3 Bf5
28. Nc5 Nd7 29. Nxd5 Nxc5 30. bxc5 Qe6 31. Ra6 g5 32. Nb6 Rc7 33. Qxb5 Qf6 34.
Ra8 Rxa8 35. Rxa8+ Kg7 36. Nd5 Na7 37. Nxc7 1-0

[Event "SR 3. liga A2 2005/2006"]
[Site "?"]
[Date "2006.??.??"]
[Round "?"]
[White "Bincik, Pavol"]
[Black "Hertel, Ondrej"]
[Result "0-1"]
[WhiteElo "1805"]
[BlackElo "1960"]
[Annotator " 37.5"]
[PlyCount "66"]
[EventDate "2005.??.??"]

1. d4 d5 2. c4 e6 3. Nf3 Nf6 4. Nc3 c6 5. Bg5 dxc4 6. e4 b5 7. e5 h6 8. Bh4 g5
9. Nxg5 hxg5 10. Bxg5 Nbd7 11. Qf3 Qb6 12. Bxf6 Nxf6 13. Qxf6 Rh6 14. Qf4 Bb7
15. Be2 Rh7 16. Bf3 O-O-O 17. Rd1 Bb4 18. a3 Bxc3+ 19. bxc3 Qa5 20. Qc1 c5 21.
Bxb7+ Kxb7 22. O-O $11 cxd4 23. Rxd4 Rxd4 24. cxd4 Rh4 25. Rd1 Re4 26. g3 Re2
27. h4 c3 28. h5 c2 29. Rf1 Qd2 30. Qb2 a6 31. Qb4 c1=Q 32. Qe7+ Qc7 33. Qf6
Qxd4 0-1

[Event "SR 3. liga A2 2005/2006"]
[Site "?"]
[Date "2006.??.??"]
[Round "?"]
[White "Kollarik, Gorazd"]
[Black "Orvisky, Vladimir"]
[Result "1/2-1/2"]
[WhiteElo "1980"]
[BlackElo "1875"]
[Annotator " 37.6"]
[PlyCount "106"]
[EventDate "2005.??.??"]

1. d4 d5 2. c4 c6 3. Nf3 Nf6 4. Nc3 dxc4 5. a4 Bf5 6. e3 e6 7. Bxc4 Bb4 8. Bd2
O-O 9. O-O Nbd7 10. Re1 Qc7 11. h3 h6 12. Nb1 Be7 13. Bc3 Ne4 14. Nbd2 Ndf6 15.
Nxe4 Nxe4 16. Nd2 Bd6 17. Nxe4 Bxe4 18. Bd3 Bxd3 19. Qxd3 Rfd8 20. Qe2 a5 21.
Red1 Qe7 22. Rd2 Bb4 23. Qc4 c5 24. Rad1 Rac8 25. d5 exd5 26. Rxd5 Rxd5 27.
Rxd5 Qe6 28. Qd3 c4 29. Qd4 Bxc3 30. bxc3 Qe7 31. Rxa5 Rd8 32. Qxc4 Rd1+ 33.
Kh2 Qd6+ 34. g3 Qd2 35. Qc8+ Qd8 36. Qxb7 Qf6 37. Ra8+ Kh7 38. Qe4+ g6 39. Qf4
Qxf4 40. gxf4 Rc1 41. a5 Rxc3 42. a6 Kg7 43. a7 Ra3 44. Kg3 h5 45. Kf3 Ra4 46.
Ke2 Kf6 47. Kd3 Kf5 48. f3 Ra1 49. Kd4 Ra3 50. Kd5 f6 51. Kd4 Ra1 52. Kd3 Ra2
53. Kd4 Ra3 $11 1/2-1/2

[Event "SR 3. liga A2 2005/2006"]
[Site "?"]
[Date "2006.??.??"]
[Round "?"]
[White "Gubis, Vladimir"]
[Black "Synak, Jan"]
[Result "1/2-1/2"]
[WhiteElo "1810"]
[BlackElo "1775"]
[Annotator " 37.7"]
[PlyCount "84"]
[EventDate "2005.??.??"]

1. d4 Nf6 2. c4 e6 3. Nc3 d5 4. e3 Be7 5. Nf3 O-O 6. Bd3 b6 7. cxd5 Nxd5 8. e4
Nxc3 9. bxc3 Bb7 10. O-O Nd7 11. Qe2 c5 12. Bb2 Rc8 13. Rac1 Rc7 14. Rfd1 Nf6
15. Ng5 h6 16. Nh3 cxd4 17. cxd4 Rxc1 18. Rxc1 Qa8 19. f3 Rc8 20. Rxc8+ Qxc8
21. Qc2 Qxc2 22. Bxc2 b5 23. Bd3 Bc6 24. Kf1 a5 25. Nf2 Ne8 26. Nd1 Nc7 27. Ke2
f6 28. Ne3 Kf8 29. Bc3 b4 30. Ba1 a4 31. Bc4 Bd6 32. h3 Bf4 33. Nc2 Bd6 34. Kd3
Ke7 35. Bb2 Nb5 36. Bc1 Nc3 37. Nxb4 Bxb4 38. Bd2 Nxa2 39. Bxa2 Bxd2 40. Kxd2
Bb5 41. h4 g5 42. g3 Kd6 $11 1/2-1/2

[Event "SR 3. liga A2 2005/2006"]
[Site "?"]
[Date "2006.??.??"]
[Round "?"]
[White "Jurica, Peter"]
[Black "Kovacocy, Pavel"]
[Result "1/2-1/2"]
[WhiteElo "2160"]
[BlackElo "2250"]
[Annotator " 38.1"]
[PlyCount "36"]
[EventDate "2005.??.??"]

1. Nf3 Nf6 2. d4 g6 3. g3 Bg7 4. Bg2 O-O 5. O-O d6 6. Nbd2 Nc6 7. c3 e5 8. e4
Nd7 9. Nc4 Re8 10. Re1 Nb6 11. Nxb6 axb6 12. Bg5 f6 13. Be3 Qe7 14. Qd2 Bd7 15.
b3 Ra7 16. Rac1 Rea8 17. Rc2 Nd8 18. dxe5 dxe5 1/2-1/2

[Event "SR 3. liga A2 2005/2006"]
[Site "?"]
[Date "2006.??.??"]
[Round "?"]
[White "Sarmir, Milos"]
[Black "Blatnicky, Miroslav"]
[Result "1-0"]
[WhiteElo "2115"]
[BlackElo "2110"]
[Annotator " 38.2"]
[PlyCount "93"]
[EventDate "2005.??.??"]

1. e4 e6 2. d4 d5 3. Nc3 Nf6 4. exd5 exd5 5. Bd3 c6 6. Nf3 Bd6 7. O-O O-O 8. h3
Be6 9. Ne2 Qc7 10. Ng5 h6 11. Nxe6 fxe6 12. Kh1 Nbd7 13. f4 c5 14. c3 c4 15.
Bg6 Ne8 16. Qe1 Rf6 17. Qg3 Nf8 18. Bc2 e5 19. dxe5 Bxe5 20. Be3 Qf7 21. Rad1
Ne6 22. Rf3 Bc7 23. Qg4 h5 24. Qh4 g5 25. Rg3 N8g7 26. Rxg5 Nxg5 27. Qxg5 Re6
28. f5 Re5 29. Nd4 Bb6 30. Bf4 Bxd4 31. Rxd4 Re1+ 32. Kh2 Rf8 33. Bd6 Qf6 34.
Qg3 Rfe8 35. Rxd5 R1e2 36. Bd1 h4 37. Qg4 Rxb2 38. Qxc4 Kh8 39. Rd4 Re4 40. Qd5
Rxd4 41. cxd4 Qxf5 42. Be5 Qc8 43. Qf7 Qg8 44. Qh5+ Qh7 45. Qg5 b5 46. Bf3 Kg8
47. Bd5+ 1-0

[Event "SR 3. liga A2 2005/2006"]
[Site "?"]
[Date "2006.??.??"]
[Round "?"]
[White "Krchnak, Rudolf"]
[Black "Cechovic, Stefan"]
[Result "0-1"]
[WhiteElo "1970"]
[BlackElo "2165"]
[Annotator " 38.3"]
[PlyCount "78"]
[EventDate "2005.??.??"]

1. d4 d5 2. Nc3 Nf6 3. Bg5 Bf5 4. Bxf6 exf6 5. e3 c6 6. Bd3 Bg6 7. Bxg6 hxg6 8.
Nge2 f5 9. Qd3 Nd7 10. g3 Bd6 11. O-O-O Nf6 12. f3 Qe7 13. h3 O-O-O 14. g4 Qe6
15. Rdg1 Rh7 16. g5 Nd7 17. e4 dxe4 18. fxe4 Nb6 19. e5 Bxe5 20. Kb1 Bd6 21.
Rd1 Re8 22. d5 cxd5 23. Nxd5 Nxd5 24. Qxd5 Qxd5 25. Rxd5 Rxe2 26. Rxd6 Rxh3 27.
Rhd1 Re7 28. a3 Rg3 29. Rd8+ Kc7 30. Rg8 Rxg5 31. Rxg7 f4 32. Rf1 Rf5 33. Rh7
f3 34. Kc1 g5 35. Rg7 Kd6 36. b3 Ke5 37. Rg8 Kf4 38. Kd2 Rd5+ 39. Kc1 g4 0-1

[Event "SR 3. liga A2 2005/2006"]
[Site "?"]
[Date "2006.??.??"]
[Round "?"]
[White "Vlkovic, Pavol"]
[Black "Smrek, Peter"]
[Result "1-0"]
[WhiteElo "1885"]
[BlackElo "1965"]
[Annotator " 38.4"]
[PlyCount "37"]
[EventDate "2005.??.??"]

1. e4 e5 2. Nf3 Nf6 3. Bc4 Nc6 4. Ng5 d5 5. exd5 Na5 6. Bb5+ Bd7 7. Qe2 Bd6 8.
d4 O-O 9. Bxd7 Qxd7 10. O-O exd4 11. Qd2 b6 12. b4 Nb7 13. Qxd4 Nxd5 14. Bb2 f6
15. Qxd5+ Kh8 16. Qxb7 fxg5 17. Na3 Bxb4 18. Rad1 Bd6 19. Nc4 1-0

[Event "SR 3. liga A2 2005/2006"]
[Site "?"]
[Date "2006.??.??"]
[Round "?"]
[White "Mikudik, Ivan"]
[Black "Vagovsky, Jozef"]
[Result "1/2-1/2"]
[WhiteElo "1875"]
[BlackElo "1835"]
[Annotator " 38.5"]
[PlyCount "73"]
[EventDate "2005.??.??"]

1. d4 d5 2. c4 dxc4 3. Nf3 a6 4. a4 c6 5. Nc3 e6 6. e4 Bb4 7. Bxc4 Qa5 8. Bd2
Nf6 9. O-O Nbd7 10. Qc2 O-O 11. e5 Nd5 12. Ng5 g6 13. Qd3 Kg7 14. Qh3 Rh8 15.
Nge4 h6 16. Qg3 Qd8 17. f4 Ne7 18. Qf2 h5 19. h3 h4 20. Ng5 Nb6 21. Bd3 Nf5 22.
Bxf5 exf5 23. Rfe1 Be6 $11 24. Nf3 Nc4 25. Nd1 Nxd2 26. Nxd2 Qa5 27. Re2 Rad8
28. Qe3 Rxd4 29. Nb3 Bxb3 30. Qxb3 Qd5 31. Qxd5 Rxd5 32. Nc3 Bxc3 33. bxc3 Rhd8
34. Rb2 Rd1+ 35. Rxd1 Rxd1+ 36. Kf2 b5 37. axb5 $11 1/2-1/2

[Event "SR 3. liga A2 2005/2006"]
[Site "?"]
[Date "2006.??.??"]
[Round "?"]
[White "Hrusovsky, Jan"]
[Black "Lanyi, Frantisek"]
[Result "1-0"]
[WhiteElo "1730"]
[BlackElo "1625"]
[Annotator " 38.6"]
[PlyCount "85"]
[EventDate "2005.??.??"]

1. e4 e5 2. Nf3 Nc6 3. Bb5 a6 4. Ba4 b5 5. Bb3 Be7 6. O-O Na5 7. c3 Nxb3 8.
axb3 d6 9. d4 exd4 10. Qxd4 Nf6 11. e5 c5 12. Qd3 dxe5 13. Qxd8+ Bxd8 14. Nxe5
O-O 15. Be3 Re8 16. Nd3 c4 17. bxc4 bxc4 18. Nb4 Bb7 19. Nd2 a5 20. Nc2 Bc7 21.
Rfd1 Ng4 22. h3 Nxe3 23. Nxe3 Bf4 24. Ndxc4 Ba6 25. Rxa5 Re6 26. g3 Rg6 27. Nd5
Bg5 28. Ncb6 Rb8 29. Rxa6 Rd6 30. Ra8 Rdd8 31. Rxb8 Rxb8 32. h4 Bd8 33. c4 g6
34. c5 Kg7 35. b4 f5 36. Nc7 Kh6 37. Rd7 g5 38. hxg5+ Bxg5 39. f4 Bd8 40. Rd6+
Kh5 41. Ncd5 Kg4 42. Kg2 Bxb6 43. Nf6# 1-0

[Event "SR 3. liga A2 2005/2006"]
[Site "?"]
[Date "2006.??.??"]
[Round "?"]
[White "Lajda, Dusan"]
[Black "Cisar, Marian"]
[Result "1-0"]
[WhiteElo "1715"]
[BlackElo "1655"]
[Annotator " 38.7"]
[PlyCount "90"]
[EventDate "2005.??.??"]

1. e4 e5 2. Nf3 Nc6 3. Bc4 Nf6 4. Ng5 d5 5. exd5 Nxd5 6. Nxf7 Kxf7 7. Qf3+ Ke6
8. Nc3 Nce7 9. O-O c6 10. Re1 Kd6 11. Qe4 Ng6 12. d4 Nxc3 13. dxe5+ Kc7 14.
bxc3 Bc5 15. Be3 Qe7 16. Bxc5 Qxc5 17. Qd4 Qe7 18. f4 Rf8 19. g3 b6 20. Bd3 Bb7
21. Bxg6 hxg6 22. Qd6+ Qxd6 23. exd6+ Kxd6 24. Rad1+ Kc7 25. Re7+ Kb8 26. Rdd7
Bc8 27. Rd6 Rf6 28. Rd8 g5 29. fxg5 Rg6 30. h4 c5 31. Kf2 a5 32. a4 Ra6 33. c4
Rc6 34. Rxg7 Ra7 35. Rxa7 Kxa7 36. Rf8 Rd6 37. Rxc8 Rd2+ 38. Ke3 Rg2 39. Kf3
Rxc2 40. g6 Rc3+ 41. Kg2 Rxc4 42. g7 Rg4 43. g8=Q Rxg8 44. Rxg8 Kb7 45. Rg4 Kc6
1-0

[Event "SR 3. liga A2 2005/2006"]
[Site "?"]
[Date "2006.??.??"]
[Round "?"]
[White "Vach, Pavol"]
[Black "Horak, Ivan"]
[Result "0-1"]
[WhiteElo "2165"]
[BlackElo "2140"]
[Annotator " 39.1"]
[PlyCount "62"]
[EventDate "2005.??.??"]

1. d4 d5 2. c4 c6 3. Nf3 Nf6 4. Nc3 e6 5. Bg5 dxc4 6. e4 b5 7. e5 h6 8. Bh4 g5
9. Nxg5 hxg5 10. Bxg5 Nbd7 11. exf6 Bb7 12. g3 Qb6 13. Bg2 O-O-O 14. O-O c5 15.
d5 b4 16. Na4 Qb5 17. dxe6 Bxg2 18. Kxg2 Qc6+ 19. f3 Qxe6 20. h4 Qc6 21. Qc2
Bd6 22. Rad1 Be5 23. a3 a5 24. Rfe1 Rhe8 25. Re4 Bd4 26. Rxe8 Rxe8 27. h5 b3
28. Qxc4 Ne5 29. Qxb3 Nxf3 30. Qb6 Re2+ 31. Kh3 Nxg5+ 0-1

[Event "SR 3. liga A2 2005/2006"]
[Site "?"]
[Date "2006.??.??"]
[Round "?"]
[White "Pribila, Michal"]
[Black "Palka, M."]
[Result "1/2-1/2"]
[WhiteElo "2010"]
[BlackElo "2025"]
[Annotator " 39.2"]
[PlyCount "44"]
[EventDate "2005.??.??"]

1. e4 c5 2. Nf3 d6 3. Bb5+ Bd7 4. Bxd7+ Qxd7 5. c4 Nc6 6. Nc3 g6 7. d4 cxd4 8.
Nxd4 Bg7 9. Be3 Nf6 10. f3 O-O 11. O-O Nxd4 12. Bxd4 Qc6 13. b3 a6 14. Rc1 Rac8
15. Qd2 Rfd8 16. Rfd1 Qc7 17. Qe3 Re8 18. Kh1 Qa5 19. Na4 Qh5 20. Qf2 Bh6 21.
Be3 Bxe3 22. Qxe3 Qa5 1/2-1/2

[Event "SR 3. liga A2 2005/2006"]
[Site "?"]
[Date "2006.??.??"]
[Round "?"]
[White "Skapikova, Lubica"]
[Black "Pribila, Gerhard"]
[Result "1/2-1/2"]
[WhiteElo "2030"]
[BlackElo "1960"]
[Annotator " 39.3"]
[PlyCount "93"]
[EventDate "2005.??.??"]

1. e4 c5 2. Nf3 d6 3. d4 cxd4 4. Nxd4 Nf6 5. Nc3 g6 6. Bc4 Bg7 7. O-O O-O 8.
Re1 Nc6 9. Nxc6 bxc6 10. Bg5 Qa5 11. Qd2 Re8 12. Rad1 Bg4 13. Rb1 Rab8 14. Qf4
Bc8 15. Bb3 Ba6 16. Rbd1 Rf8 17. Bh6 Bxh6 18. Qxh6 Qh5 19. Qf4 Nd7 20. Re3 Qe5
21. Qh6 Qg7 22. Qh4 Qf6 23. Qh3 Bc8 24. f4 Qxf4 25. Rf1 Qe5 26. Qh6 Qg7 27. Qf4
Ne5 28. Rg3 Be6 29. h4 Bxb3 30. axb3 h5 $11 31. Qg5 Rbe8 32. Qe3 c5 33. Nd5 Ng4
34. Qf4 Qd4+ 35. Kh1 Qe5 36. Qxe5 Nxe5 37. Ra1 Nc6 38. Nc7 Rc8 39. Nd5 Kg7 40.
Rf3 e6 41. Nf4 Ne5 42. Rg3 Rc7 43. Nxh5+ Kh6 44. Nf4 Rb8 45. Re3 Ng4 46. Re2 c4
47. Rd2 $11 1/2-1/2

[Event "SR 3. liga A2 2005/2006"]
[Site "?"]
[Date "2006.??.??"]
[Round "?"]
[White "Vach, Jozef"]
[Black "Sipkovsky, Ivan"]
[Result "1-0"]
[WhiteElo "1970"]
[BlackElo "1915"]
[Annotator " 39.4"]
[PlyCount "99"]
[EventDate "2005.??.??"]

1. e4 c5 2. Nf3 d6 3. d4 cxd4 4. Nxd4 Nf6 5. Nc3 g6 6. Bc4 Bg7 7. O-O O-O 8.
Re1 Nc6 9. Nxc6 bxc6 10. Bb3 e5 11. f3 Be6 12. Bxe6 fxe6 13. Bg5 Qb6+ 14. Re3
h6 15. Na4 Qd4 16. c3 Qxd1+ 17. Rxd1 hxg5 18. Rxd6 Kf7 19. Rxc6 Rfd8 20. Rc7+
Rd7 21. Rc6 Rd1+ 22. Kf2 Rd2+ 23. Re2 Rxe2+ 24. Kxe2 Nd7 25. Rc7 Ke7 26. Nc5
Rd8 27. Rxa7 Bf6 28. Kd2 Ke8 29. Nxe6 Rb8 30. Kc2 Bd8 31. Nc7+ Bxc7 $11 32.
Rxc7 Ke7 33. Ra7 Kd6 34. b4 Kc6 35. a4 Rb7 36. Ra5 Kc7 37. Rd5 Rb6 38. Kb3 Rd6
39. c4 Rxd5 40. cxd5 Kb6 41. Kc4 g4 42. a5+ Kb7 43. b5 gxf3 44. gxf3 g5 45. h3
Kc7 46. b6+ Kb7 47. Kb5 Nb8 48. d6 Nd7 49. a6+ Kc8 50. b7+ 1-0

[Event "SR 3. liga A2 2005/2006"]
[Site "?"]
[Date "2006.??.??"]
[Round "?"]
[White "Fidericky, Milan"]
[Black "Jozefovic, Milan"]
[Result "1/2-1/2"]
[WhiteElo "1905"]
[BlackElo "1775"]
[Annotator " 39.5"]
[PlyCount "76"]
[EventDate "2005.??.??"]

1. d4 d5 2. c4 e6 3. Nc3 Nf6 4. Nf3 Nc6 5. Bf4 Bb4 6. a3 Bxc3+ 7. bxc3 Nh5 8.
e3 Nxf4 9. exf4 O-O 10. Bd3 Qf6 11. g3 b6 12. O-O dxc4 13. Bxc4 Bb7 14. Be2
Rad8 15. Qc2 h6 16. a4 a5 17. Rab1 Ba8 18. Rfe1 Ne7 19. Ne5 g6 20. Bb5 c6 21.
Bd3 Nd5 22. Be4 c5 23. Bxd5 exd5 24. dxc5 bxc5 25. Rb5 Qd6 26. Rxa5 d4 27. Qd3
Qd5 28. f3 Qb3 29. Rxc5 dxc3 30. Qxc3 Qxa4 31. Rc7 Rd1 32. Rxd1 Qxd1+ 33. Kg2
Qe2+ 34. Kg1 Bd5 35. Qc2 Bxf3 36. Qxe2 Bxe2 37. Kf2 Bd1 38. Rd7 Bb3 1/2-1/2

[Event "SR 3. liga A2 2005/2006"]
[Site "?"]
[Date "2006.??.??"]
[Round "?"]
[White "Kocak, Branislav"]
[Black "Zisek, Jaroslav"]
[Result "1-0"]
[WhiteElo "1705"]
[BlackElo "1940"]
[Annotator " 39.6"]
[PlyCount "103"]
[EventDate "2005.??.??"]

1. d4 Nf6 2. c4 e6 3. Nc3 d5 4. Bg5 Nbd7 5. e3 c6 6. Nf3 Qa5 7. Bxf6 Nxf6 8. a3
Ne4 9. Qc2 Bb4 10. Rc1 Bxc3+ 11. bxc3 Qxa3 12. Bd3 Nf6 13. O-O Qe7 14. Rfe1 O-O
15. cxd5 exd5 16. Ne5 g6 17. c4 dxc4 18. Bxc4 Be6 19. e4 Bxc4 20. Nxc4 Qc7 21.
e5 Nd5 22. Nd6 Ne7 23. Qb3 b6 24. d5 c5 25. Nxf7 Rxf7 26. d6 Qd8 27. dxe7 Qxe7
28. Rcd1 Rd8 29. Rxd8+ Qxd8 30. e6 Re7 31. Rd1 Qf8 32. Rd7 Qf6 33. Rxa7 Qxe6
34. Qxe6+ Rxe6 35. Kf1 h5 36. Rc7 Kf8 37. h3 Ke8 38. g4 hxg4 39. hxg4 Kd8 40.
Rf7 c4 41. Rf4 b5 42. Rd4+ Ke7 43. f4 c3 44. Rd1 b4 45. f5 gxf5 46. gxf5 Kf6
47. fxe6 b3 48. Ke2 Kxe6 49. Kd3 c2 50. Rh1 Kd5 51. Kc3 Ke4 52. Kxb3 1-0